000
00296 a2200121 4500
000
nam a22 7a 4500
005
20260207105351.0
020
_a
9789373488592
100
_a
Yogendra Nagpaal
_9
1114337
245
_a
Hindi Rusi Muhawara Kosh
260
_b
Vani Prakashan
_c
2025
942
_c
TEXL
999
_c
1678881
_d
1678881